[Event "XVIII Open"]
[Site "Cappelle la Grande FRA"]
[Date "2002.02.15"]
[Round "7"]
[White "Jenni,F"]
[Black "Matthaei,A"]
[Result "1-0"]
[WhiteElo "2525"]
[BlackElo "2347"]

1.e4 c5 2.Nf3 e6 3.d4 cxd4 4.Nxd4 a6 5.Bd3 Nf6 6.O-O d6 7.Qe2 Be7 8.c4 O-O
9.Nc3 Qc7 10.Kh1 Nc6 11.Nxc6 bxc6 12.Bg5 e5 13.c5 dxc5 14.Na4 Ne8 15.Be3 Nd6
16.Nxc5 Nb5 17.Rac1 Rd8 18.Bc4 Nd4 19.Bxd4 Rxd4 20.Nb3 Rd6 21.Rfd1 a5 22.Rxd6 Qxd6
23.Rd1 Qg6 24.Qe3 Be6 25.Qc3 Bb4 26.Qd3 a4 27.Nc1 Bc5 28.Ne2 Rb8 29.b3 Bxc4
30.Qxc4 Bxf2 31.Qxa4 h5 32.Rf1 Be3 33.Ng3 Rd8 34.Nf5 Bc5 35.Qc4 Bf8 36.Nh4 Qe6
37.Qxe6 fxe6 38.Nf3 Ra8 39.a4 Rb8 40.Rb1 Bd6 41.Kg1 Rb4 42.Kf1 Rxe4 43.Rc1 Re3
44.Rxc6 Bb4 45.Rxe6 Rxb3 46.Rb6 Kf8 47.Nxe5 Rb1+ 48.Ke2 Re1+ 49.Kd3 Bd6 50.Kd2 Rxe5
51.Rxd6 Re4 52.a5 Ra4 53.Rd5 h4 54.Kc3 Ra2 55.Rg5 Kf7 56.Kb3 Ra1 57.Kb4 Kf6
58.Rg4 g5 59.Kb5 Kf5 60.h3 Rb1+ 61.Rb4  1-0

[Event "ch-Serbia"]
[Site "Leskovac YUG"]
[Date "2002.02.16"]
[Round "2"]
[White "Gavrilovic,L"]
[Black "Tosic,M"]
[Result "0-1"]
[WhiteElo "2244"]
[BlackElo "2495"]

1.e4 c5 2.Nf3 e6 3.d4 cxd4 4.Nxd4 a6 5.Bd3 d6 6.O-O Nd7 7.Nc3 Ngf6 8.Nb3 b6
9.f4 Bb7 10.Qe2 Qc7 11.a4 Be7 12.Kh1 O-O 13.Bd2 Rfe8 14.Rae1 g6 15.Rf3 Bf8
16.Rh3 Bg7 17.g4 Nf8 18.g5 N6d7 19.Kg1 f5 20.Re3 Qc6 21.h4 Nc5 22.Nxc5 bxc5
23.Kh2 Bd4 24.Rh3 d5 25.exd5 exd5 26.Qf1 Rxe1 27.Bxe1 Re8 28.Bd2 Qe6 29.b3 Qd6
30.Ne2 Bg7 31.Re3 Ne6 32.Ng1 c4 33.Be2 Kf7 34.Nh3 d4 35.Rg3 d3 36.Bxd3 cxd3
37.Rxd3 Qc6 38.c4 Nc5  0-1

[Event "XVIII Open"]
[Site "Cappelle la Grande FRA"]
[Date "2002.02.17"]
[Round "9"]
[White "Luther,T"]
[Black "Kveinys,A"]
[Result "1/2-1/2"]
[WhiteElo "2573"]
[BlackElo "2555"]

1.e4 c5 2.Nf3 e6 3.d4 cxd4 4.Nxd4 a6 5.Bd3 Nf6 6.O-O d6 7.c4 Bd7 8.Nc3 Nc6
9.Nxc6 Bxc6 10.b4 Be7 11.b5 Bd7 12.Be3 O-O 13.a4 Qc7 14.Rc1 Rfc8 15.Qe2 Be8  1/2-1/2

[Event "Open"]
[Site "Malaga ESP"]
[Date "2002.02.24"]
[Round "3"]
[White "Herrera,I"]
[Black "Diez Gonzalez,P"]
[Result "1-0"]
[WhiteElo "2474"]
[BlackElo "2323"]

1.e4 c5 2.Nf3 e6 3.d4 cxd4 4.Nxd4 a6 5.Bd3 b6 6.O-O Bb7 7.Qe2 Qc7 8.c4 Nc6
9.Nf3 Bd6 10.Nc3 Nge7 11.Be3 O-O 12.Na4 b5 13.Nb6 Rad8 14.cxb5 axb5 15.Rac1 f5
16.e5 Bxe5 17.Nxe5 Qxe5 18.f4 Qf6 19.Bxb5 d6 20.Rfd1 e5 21.a4 exf4 22.Bxf4 g5
23.Bd2 Ne5 24.Rc7 Be4 25.Bc3 N7g6 26.Bc4+ Kh8 27.Qh5  1-0

[Event "Open"]
[Site "Malaga ESP"]
[Date "2002.02.24"]
[Round "3"]
[White "Barria,D"]
[Black "Komljenovic,D"]
[Result "1-0"]
[WhiteElo "2368"]
[BlackElo "2505"]

1.e4 c5 2.Nf3 e6 3.d4 cxd4 4.Nxd4 a6 5.Bd3 Nf6 6.O-O d6 7.c4 Nbd7 8.Nc3 Ne5
9.Be2 Be7 10.Be3 O-O 11.Rc1 Bd7 12.f4 Nc6 13.Bf3 Qb8 14.a4 Rc8 15.b3 Be8
16.Kh1 Bd8 17.Nde2 b6 18.Qd2 Na5 19.Rb1 Ra7 20.Rfd1 Rd7 21.g4 h6 22.h4 g5
23.fxg5 Nh7 24.gxh6 Bxh4 25.g5 Nc6 26.Nd4 Ne5 27.Bh5 Kh8 28.Rg1 Nf8 29.Qh2 Nfg6
30.Bxg6 Nxg6 31.Bf2 d5 32.Bxh4 Qxh2+ 33.Kxh2 Nxh4 34.exd5 exd5 35.Rg4 Ng6
36.Nxd5 b5 37.Re1 bxc4 38.Nb6 Rcd8 39.Nxd7 Bxd7 40.Rge4 cxb3 41.Nxb3 Rb8
42.Nc5 Bc6 43.Nxa6 Rb6 44.Nb4 Bxe4 45.Rxe4 Kh7 46.Kg2 Nf8  1-0

[Event "Open"]
[Site "Antalya TUR"]
[Date "2002.02.28"]
[Round "7"]
[White "Esen,B"]
[Black "Haznedaroglu,K"]
[Result "1/2-1/2"]
[WhiteElo "2173"]
[BlackElo "2360"]

1.d4 c5 2.e4 cxd4 3.Nf3 e6 4.Nxd4 a6 5.Bd3 Qc7 6.O-O Nf6 7.Qe2 h5 8.Nd2 Bc5
9.N2f3 Ng4 10.c3 b5 11.e5 Bb7 12.h3 f5 13.Bf4 Nc6 14.a4 bxa4 15.Rxa4 g5 16.hxg4 Nxd4
17.Rxd4 Bxd4 18.Bxg5 Bb6 19.gxf5 Rg8 20.Be4 exf5 21.Bxb7 Qxb7 22.Qc4 Rg6
23.Qh4 Qd5 24.Qxh5 Qf7 25.e6 Rxe6 26.Qh8+  1/2-1/2

[Event "Open"]
[Site "Cannes FRA"]
[Date "2002.02.28"]
[Round "5"]
[White "Palac,M"]
[Black "Santo Roman,M"]
[Result "1-0"]
[WhiteElo "2580"]
[BlackElo "2413"]

1.e4 c5 2.Nf3 e6 3.d4 cxd4 4.Nxd4 a6 5.Bd3 Nc6 6.Nxc6 dxc6 7.O-O e5 8.Nd2 Bd6
9.Nc4 Bc7 10.a4 a5 11.b3 Ne7 12.Ba3 Be6 13.Qf3 h5 14.h3 Ng6 15.Rfd1 Qg5 16.Bf1 Nf4
17.Kh2 Rh6 18.Nd6+ Bxd6 19.Rxd6 h4 20.Rad1 Rg6 21.Qe3 Nxh3 22.Rxe6+ Rxe6
23.Qd3 Rd8 24.Qxd8+ Qxd8 25.Rxd8+ Kxd8 26.Kxh3 Rh6 27.Bc4 f6 28.Be6 Kc7 29.Bf8 Rg6
30.Bf5 Rg5 31.Bg4 b6 32.Kxh4 c5 33.g3 Rg6 34.Bh5 Rg5 35.Bf7 Kd7 36.c3 Kd8
37.b4 axb4 38.cxb4 cxb4 39.Bxb4 g6 40.g4  1-0

[Event "FSIMB March"]
[Site "Budapest HUN"]
[Date "2002.03.02"]
[Round "1"]
[White "Cooke,E"]
[Black "Papp,Ga"]
[Result "1/2-1/2"]
[WhiteElo "2195"]
[BlackElo "2320"]

1.e4 c5 2.Nf3 e6 3.d4 cxd4 4.Nxd4 a6 5.Bd3 Qb6 6.Nb3 Qc7 7.Be3 Nf6 8.O-O d6
9.Nc3 b5 10.a3 Bb7 11.f4 Nbd7 12.f5 e5 13.Qf3 h5 14.h3 h4 15.Nd2 Be7 16.Rac1 Rc8
17.Rfe1 Qb8 18.Nd5 Nxd5 19.exd5 Nf6 20.c4 bxc4 21.Bxc4 Qa8 22.Bg5 Nxd5 23.Bxe7 Nxe7
24.Qg4 Kf8 25.Ba2 Qa7+ 26.Kh2 Rxc1 27.Rxc1 Qe3 28.Rc7 Bc8 29.Qc4 Qf4+ 30.Qxf4 exf4
31.Ne4 Rh6 32.f6 gxf6 33.Nxd6 Be6 34.Bc4 Bxc4 35.Nxc4 f5 36.b4 Re6 37.a4 Re2
38.Kg1 Nd5 39.Rc8+ Kg7 40.b5 axb5 41.axb5 Ne3 42.b6 Rxg2+ 43.Kh1 Rf2 44.b7 Rf1+
45.Kh2 Rf2+ 46.Kh1  1/2-1/2

[Event "Cupa Martisor Open"]
[Site "Bucharest ROM"]
[Date "2002.03.03"]
[Round "5"]
[White "Geanta,H"]
[Black "Nita,L"]
[Result "1-0"]
[WhiteElo "2313"]
[BlackElo "2123"]

1.e4 c5 2.Nf3 e6 3.d4 cxd4 4.Nxd4 a6 5.Bd3 b5 6.a4 b4 7.a5 Bb7 8.Nd2 Ne7
9.O-O d5 10.e5 Nec6 11.Nxc6 Nxc6 12.f4 Bc5+ 13.Kh1 Nxa5 14.f5 exf5 15.Bxf5 Nc4
16.Nxc4 dxc4 17.Qg4 g6 18.e6 f6 19.Bxg6+ Ke7 20.Be4 Bxe4 21.Qxe4 Qb6 22.Bg5 Rhf8
23.Rad1 Bd6 24.Rxf6 Rxf6 25.Bxf6+ Kxf6 26.Rf1+ Ke7 27.Rf7+ Kd8 28.Qxa8+ Qb8
29.Qc6  1-0

[Event "TCh-AUT 2001-2"]
[Site "Dornbirn AUT"]
[Date "2002.03.08"]
[Round "9"]
[White "Madl,I"]
[Black "Schlosser,M"]
[Result "1/2-1/2"]
[WhiteElo "2401"]
[BlackElo "2355"]

1.e4 c5 2.Nf3 e6 3.d4 cxd4 4.Nxd4 a6 5.Bd3 Nf6 6.O-O d6 7.c4 g6 8.Nc3 Bg7
9.Nf3 O-O 10.Bf4 Nc6 11.Be2 Qa5 12.Qb3 Rd8 13.Rfd1 Ne8 14.Be3 Qb4 15.Bb6 Rd7
16.Ne1 f5 17.exf5 gxf5 18.Nc2 Qxb3 19.axb3 Nf6 20.Ne3 Rb8 21.Rd2 Bf8 22.f4 Rg7
23.Bf3 Ne8 24.Rad1 Nc7 25.Nc2 Na8 26.Bf2 Bd7 27.b4 Nc7 28.Bb6 Na8 29.Bf2 Nc7
30.Ne2 Be8 31.Ned4 Nxd4 32.Bxd4 Rd7 33.Ba7 Ra8 34.Bb6 Rb8 35.Ba7 Ra8 36.Bc5 Rad8
37.Bf2 Rb8 38.c5 d5 39.Nd4 Bf7 40.Rc2 Rdd8 41.Be2 Bh6 42.g3 Bf8 43.Re1 Be7
44.Kg2 Kg7 45.Bd3 Bf6 46.h3 h5 47.Rce2 Re8 48.Bc2 Rbd8 49.Ba4 Rh8 50.Kf3 Rh7
51.Rd2 Kf8 52.Bc2 Kg7 53.Bd3 Rhh8 54.b3 Ra8 55.Ra2 Rhc8 56.Kg2 Rcb8 57.Ree2 Rh8
58.h4 Rhd8 59.Ra5 Rdc8 60.Kf3 Rab8 61.Re1 Kf8 62.Ra2 Re8 63.Rc1 Ra8 64.Rca1 Be7
65.Ne2 Bf6 66.Bd4 Ke7 67.Re1 Rac8 68.Bxf6+ Kxf6 69.Nd4 Rg8 70.Re5 Bg6 71.Kf2 Rcd8
72.Rae2 Rge8 73.Ke3 Rg8 74.Kd2 Rde8 75.Ke1 Bf7 76.Kf2 Bg6 77.Re1 Bf7 78.R5e3 Rc8
79.Ke2 Be8 80.Kd2 Bd7 81.R1e2 Rg7 82.Ke1 Rcg8 83.Kf2 Rc8 84.Re1 Rh7 85.Be2 Rhh8
86.Bf3 Rh7 87.Bd1 Rhh8 88.Bf3  1/2-1/2

[Event "Mediteran Cup WGM"]
[Site "Rijeka CRO"]
[Date "2002.03.10"]
[Round "2"]
[White "Krivec,J"]
[Black "Pahor,A"]
[Result "1-0"]
[WhiteElo "2254"]
[BlackElo "2011"]

1.e4 c5 2.Nf3 e6 3.d4 cxd4 4.Nxd4 a6 5.Bd3 Nf6 6.c4 d6 7.O-O Bd7 8.Nc3 Nc6
9.Nxc6 Bxc6 10.f4 Qa5 11.Qe2 Be7 12.e5 Nd7 13.exd6 Bxd6 14.Ne4 Be7 15.f5 e5
16.Bd2 Qc7 17.Rae1 Bxe4 18.Bxe4 O-O 19.Kh1 Rac8 20.b3 Nf6 21.Bb1 Rfe8 22.Rf3 Rcd8
23.Rg3 Kh8 24.Bc3 Bd6 25.Qe3 h6 26.Qe2 Qe7 27.Re3 Nd7 28.Rd1 Nf6 29.Bc2 Nd7
30.Rh3 Nf6 31.Bd2 Qf8 32.g4 Kg8 33.g5 hxg5 34.Bxg5 Nh7 35.Qh5  1-0

[Event "72nd ch-ARG"]
[Site "Pinamar ARG"]
[Date "2002.03.14"]
[Round "6"]
[White "Pierrot,F"]
[Black "Giardelli,S"]
[Result "1/2-1/2"]
[WhiteElo "2430"]
[BlackElo "2428"]

1.e4 c5 2.Nf3 e6 3.d4 cxd4 4.Nxd4 a6 5.Bd3 Nf6 6.O-O d6 7.c4 Bd7 8.Nc3 Nc6
9.Nxc6 Bxc6 10.Qe2 Be7 11.Rd1 Nd7 12.Be3 O-O 13.Rac1 Qb8 14.Nd5 exd5 15.exd5 Bxd5
16.cxd5 Re8 17.Qc2 g6 18.Qc7 Nc5 19.Qxb8 Raxb8 20.Bf1 Rbc8 21.Rc2 Nd7 22.Rdc1 Rxc2
23.Rxc2 Nf6 24.Rc7 b5 25.Ra7 Nxd5 26.Bd2 Bf6 27.Rxa6 Bxb2 28.Rxd6 Nc3 29.Bxc3 Bxc3
30.Bxb5 Re1+ 31.Bf1 Ra1 32.Ra6 Bd4 33.Ra3 Rd1 34.Rd3 Rxd3 35.Bxd3 f5 36.a4 Bb6
37.Kf1 Kf7 38.Ke2 Kf6  1/2-1/2

[Event "Mediteran Cup WGM"]
[Site "Rijeka CRO"]
[Date "2002.03.16"]
[Round "9"]
[White "Pokorna,Reg"]
[Black "Pahor,A"]
[Result "1-0"]
[WhiteElo "2323"]
[BlackElo "2011"]

1.e4 c5 2.Nf3 e6 3.d4 cxd4 4.Nxd4 a6 5.Bd3 Nf6 6.O-O d6 7.c4 Bd7 8.Nc3 Nc6
9.Be3 Ne5 10.f3 Nxd3 11.Qxd3 Be7 12.Rac1 O-O 13.Rfd1 Qc7 14.Kh1 Rfd8 15.b3 Rac8
16.Qe2 Qb8 17.a4 b6 18.Qf2 Be8 19.Qg3 Kh8 20.f4 Qb7 21.Qf3 Rb8 22.Bf2 Bf8
23.Bh4 Be7 24.e5 Ng8 25.Bxe7 Nxe7 26.exd6 Rxd6 27.Qxb7 Rxb7 28.Ne4 Rd8 29.Nxe6 Rxd1+
30.Rxd1 Rd7 31.Rxd7 Bxd7 32.Nc7 Bf5 33.Nd2 a5 34.Kg1 Kg8 35.Kf2 f6 36.Ke3 Kf7
37.Kd4 Nc6+ 38.Kd5 Nb4+ 39.Kd6 Nd3 40.Nd5 Nc1 41.Nxb6 Bc2 42.c5 Nxb3  1-0

[Event "72nd ch-ARG"]
[Site "Pinamar ARG"]
[Date "2002.03.18"]
[Round "10"]
[White "Fiorito,F"]
[Black "Giardelli,S"]
[Result "1-0"]
[WhiteElo "2353"]
[BlackElo "2428"]

1.e4 c5 2.Nf3 e6 3.d4 cxd4 4.Nxd4 a6 5.Bd3 Nf6 6.O-O d6 7.f4 g6 8.Nc3 Bg7
9.Nf3 Nc6 10.a3 O-O 11.Qe1 Nd7 12.Be3 b5 13.Kh1 f5 14.Rd1 Qe7 15.exf5 gxf5
16.Qf2 Nf6 17.h3 Re8 18.Rfe1 Bb7 19.Bb6 Qf8 20.Ng5 Bc8 21.Bc7 h6 22.Nf3 d5
23.Ne5 Nxe5 24.Bxe5 Bb7 25.Qd4 Nd7 26.Bxg7 Qxg7 27.Ne2 Nf6 28.c3 Rad8 29.Kg1 Rd7
30.g3 Nh5 31.Qxg7+ Rxg7 32.Kf2 Nf6 33.Nd4 Ne4+ 34.Bxe4 fxe4 35.g4 Bc8 36.Nc6 Rc7
37.Ne5 a5 38.Rd4 Kg7 39.h4 Kf6 40.Ke3 Bd7 41.Rg1 Rh8 42.Rdd1 Be8 43.Kd4 b4
44.axb4 axb4 45.f5 exf5 46.Rdf1 bxc3 47.bxc3 Ra7 48.Rxf5+ Ke6 49.Rgf1 Ra4+
50.Ke3 Ra3 51.Rf6+ Ke7 52.Kd4 e3 53.Kxe3 Rxc3+ 54.Kd4 Ra3 55.Rb6 Ra7 56.Rff6 h5
57.Rfe6+ Kd8 58.Rb8+ Kc7 59.Rbxe8 Rxe8 60.Rxe8 Ra4+ 61.Kxd5 hxg4 62.Rg8 g3
63.Nf3  1-0

[Event "57th ch-YUG"]
[Site "Banja Koviljaca YUG"]
[Date "2002.03.21"]
[Round "6"]
[White "Popovic,P"]
[Black "Pikula,D"]
[Result "1-0"]
[WhiteElo "2533"]
[BlackElo "2466"]

1.e4 c5 2.Nf3 e6 3.d4 cxd4 4.Nxd4 a6 5.Bd3 Nf6 6.O-O d6 7.c4 b6 8.Nc3 Bb7
9.f4 Be7 10.Qe2 O-O 11.Bd2 Nbd7 12.Rae1 g6 13.f5 e5 14.Nb3 Kh8 15.fxg6 hxg6
16.Rf3 Kg7 17.Ref1 Nh7 18.Qf2 Qe8 19.Nd5 Bxd5 20.cxd5 Bg5 21.Bc3 Bd8 22.Qe2 b5
23.Na5 Ng5 24.Rg3 Rh8 25.Nc6 Bb6+ 26.Kh1 Rh5 27.Qxh5 gxh5 28.Rxg5+ Kf8 29.Rxh5 Kg8
30.Rg5+ Kf8 31.Bd2 f6 32.Rg3 Kf7 33.Be2 Qh8 34.Rh3 Qg7 35.Bh6 Qh7 36.Bh5+ Kg8
37.Bg4 Nf8 38.Bxf8 Qxe4 39.Be6+ Kxf8 40.Rxf6+ Kg7 41.Rf7+ Kg6 42.Ne7+ Kg5  1-0

[Event "XLVIII Nat & Int"]
[Site "Hermosillo MEX"]
[Date "2002.03.27"]
[Round "2"]
[White "Reyes Barragan,M"]
[Black "Aldama,D"]
[Result "0-1"]
[WhiteElo "2099"]
[BlackElo "2443"]

1.e4 c5 2.Nf3 e6 3.d4 cxd4 4.Nxd4 a6 5.Bd3 Nf6 6.c4 d6 7.O-O g6 8.Nc3 Bg7
9.Be3 Nbd7 10.Rc1 O-O 11.b4 b6 12.f3 Bb7 13.Be2 Re8 14.Bg5 Qc7 15.Nb3 Rac8
16.Kh1 Qb8 17.Bf4 Bf8 18.a3 Ne5 19.Na4 Bc6 20.b5 axb5 21.cxb5 Ba8 22.Qd4 Ned7
23.Bg5 Bg7 24.Qb4 d5 25.Nd2 dxe4 26.Nxe4 Nxe4 27.fxe4 Rxc1 28.Bxc1 Be5 29.Bb2 Nc5
30.Nxc5 bxc5 31.Qb3 Bxe4 32.Bf3 Bxf3 33.Rxf3 c4 34.Bxe5 cxb3 35.Bxb8 b2 36.Rf1 Rxb8  0-1

[Event "Suetin Mem"]
[Site "Tula RUS"]
[Date "2002.03.28"]
[Round "6"]
[White "Saprikin,V"]
[Black "Nikolenko,O"]
[Result "0-1"]
[WhiteElo "2259"]
[BlackElo "2517"]

1.e4 c5 2.Nf3 e6 3.d4 cxd4 4.Nxd4 a6 5.Bd3 Bc5 6.Nb3 Ba7 7.Qe2 Nc6 8.Be3 Qc7
9.Bxa7 Rxa7 10.O-O Nf6 11.f4 d6 12.N1d2 e5 13.h3 Be6 14.a4 Ra8 15.a5 O-O
16.f5 Bxb3 17.Nxb3 Rfe8 18.g4 h6 19.Rf2 Nd4 20.Qe3 d5 21.Rg2 dxe4 22.Bxe4 Nxe4
23.Qxe4 Rad8 24.Kh1 Nxb3 25.cxb3 Rd4 26.Qe3 Red8 27.Qg1 Rd3 28.Rg3 Qc6+ 29.Kh2 Qc2+
30.Rg2 Qxb3 31.Qc5 Rxh3+ 32.Kg1 Rd1+  0-1

[Event "6th Neckar Open"]
[Site "Deizisau GER"]
[Date "2002.03.29"]
[Round "2"]
[White "Schneider,Hei"]
[Black "Farago,I"]
[Result "0-1"]
[WhiteElo "2229"]
[BlackElo "2500"]

1.e4 c5 2.Nf3 e6 3.d4 cxd4 4.Nxd4 a6 5.Bd3 Nf6 6.Nc3 Qc7 7.O-O Nc6 8.Nxc6 bxc6
9.Qe2 d5 10.Bg5 Bb7 11.Rfe1 h6 12.Bh4 Be7 13.Bg3 Qb6 14.e5 Nd7 15.Qg4 g6
16.Bxg6 Rg8 17.Bxf7+ Kxf7 18.Qh5+ Rg6 19.Ne2 Rg8 20.Nf4 c5 21.Re3 d4 22.Rb3 Qc7
23.Nxg6 Rxg6 24.Bf4 Bxg2 25.Rg3 Be4 26.Re1 Qc6 27.Bxh6 Bxc2 28.Bd2 Nf8 29.Bh6 Bf5
30.h4 Qd5 31.Kh2 d3 32.f4 d2  0-1

[Event "TCh-CZE 2001-2"]
[Site "CZE"]
[Date "2002.04.06"]
[Round "10"]
[White "Plachetka,J"]
[Black "Votava,J"]
[Result "1-0"]
[WhiteElo "2422"]
[BlackElo "2515"]

1.e4 c5 2.Nf3 e6 3.d4 cxd4 4.Nxd4 a6 5.Bd3 d6 6.O-O Nf6 7.c4 Bd7 8.Nc3 Nc6
9.Nf3 Be7 10.Bf4 Ng4 11.Be2 Nge5 12.Rc1 O-O 13.Qd2 Qb8 14.Rfd1 Rd8 15.Bg5 f6
16.Be3 Be8 17.Bb6 Rd7 18.Ne1 g5 19.b3 Bg6 20.Qe3 Qf8 21.Qh3 Qf7 22.Nc2 h5
23.Ne3 Kg7 24.Rd2 Rf8 25.Rcd1 f5 26.exf5 exf5 27.f4 gxf4 28.Ned5 Bg5 29.Bf3 Ng4
30.Ne2 Ne3 31.Nexf4 Nxd1 32.Rxd1 h4 33.Bf2 Ne5 34.Be2 Ng4 35.Bd4+ Kh6 36.Rf1 Re8
37.Bd3 Bh7 38.g3 Rg8 39.Ng2 Qh5 40.Ndf4 Bxf4 41.Nxf4 Qg5 42.Ng2 f4 43.Bxh7 Kxh7
44.Rxf4 Re7 45.Nxh4 Qh5 46.Qf1 Rge8 47.Rf5 Qh6 48.Rf7+ Kg8 49.Rxe7 Rxe7 50.h3 Qd2
51.Nf3 Qxa2 52.hxg4 Qxb3 53.g5 Re4 54.Kg2 Qc2+ 55.Kh3 a5 56.g6 Qe2 57.Qxe2 Rxe2
58.Nh4 Kf8 59.Nf5 Re6 60.g7+ Kg8 61.g4 a4 62.g5 Re5 63.Kg4 a3 64.Nxd6 Re1
65.Nf5  1-0

[Event "FSIMB April"]
[Site "Budapest HUN"]
[Date "2002.04.07"]
[Round "6"]
[White "Alfred,N"]
[Black "Nemeth,Z"]
[Result "0-1"]
[WhiteElo "2246"]
[BlackElo "2364"]

1.e4 c5 2.Nf3 e6 3.d4 cxd4 4.Nxd4 a6 5.Bd3 g6 6.c4 Bg7 7.Nb3 d6 8.Nc3 Nf6
9.O-O O-O 10.Qe2 Qc7 11.Be3 b6 12.f4 Nbd7 13.Rac1 Bb7 14.Nd2 Rac8 15.b4 Qb8
16.h3 Nh5 17.Qf2 b5 18.g4 bxc4 19.Nxc4 d5 20.gxh5 dxc4 21.Bb1 Nf6 22.Bc5 Rfe8
23.hxg6 fxg6 24.e5 Nd7 25.Bd6 Qa8 26.Kh2 a5 27.b5 a4 28.h4 Bf8 29.Qg3 Bxd6
30.exd6 Kh8 31.h5 gxh5 32.Rg1 Rg8 33.Qe3 Rcf8 34.Rcf1 Qd8 35.Qxe6 Rxg1 36.Kxg1 Qh4
37.Ne4 Rg8+ 38.Qxg8+ Kxg8 39.Rf2 Kf8 40.Bc2 Nf6 41.Re2 Nxe4 42.Bxe4 Bxe4
43.Rxe4 Qg3+  0-1

[Event "Golden Cleopatra"]
[Site "Cairo EGY"]
[Date "2002.04.07"]
[Round "1"]
[White "Imam,A"]
[Black "Tissir,M"]
[Result "0-1"]
[WhiteElo "2058"]
[BlackElo "2368"]

1.e4 c5 2.Nf3 e6 3.d4 cxd4 4.Nxd4 a6 5.Bd3 Bc5 6.c3 Nf6 7.O-O Qc7 8.Be3 d5
9.Nd2 Nbd7 10.f4 e5 11.Nc2 exf4 12.Bd4 Ne5 13.Be2 dxe4 14.Rxf4 Bxd4+ 15.Nxd4 Nf3+
16.Bxf3 Qxf4 17.Qe2 O-O 18.Nxe4 Nxe4 19.Bxe4 Rb8 20.Rf1 Qg5 21.Nf3 Qc5+ 22.Nd4 Bd7
23.Rf2 g6 24.h3 Rbe8 25.Qf3 b5 26.a3 Re5 27.b4 Qe7 28.Bd3 Re3 29.Re2 Rxf3
30.Rxe7 Rxd3 31.Rxd7 Rxc3 32.Ra7 Rd8 33.Nf3 Rxa3 34.Ne5 Rd2 35.Nxf7 Raa2
36.Ne5 Rxg2+ 37.Kf1 Rgf2+ 38.Kg1 Rfe2 39.Ra8+ Kg7 40.Ra7+ Kf6 41.Ng4+ Kg5  0-1

[Event "TCh-CZE 2001-2"]
[Site "CZE"]
[Date "2002.04.07"]
[Round "11"]
[White "Virostko,P"]
[Black "Forman,S"]
[Result "1-0"]
[WhiteElo "2322"]
[BlackElo "2249"]

1.e4 c5 2.Nf3 e6 3.d4 cxd4 4.Nxd4 a6 5.Bd3 g6 6.c4 Bg7 7.Nb3 Ne7 8.Nc3 Nbc6
9.O-O O-O 10.f4 f5 11.Be3 fxe4 12.Bxe4 Nf5 13.Bxf5 gxf5 14.c5 Rf7 15.Na4 Rb8
16.Rf2 Bf8 17.Rd2 Na5 18.Nb6 Qc7 19.Rc1 Nxb3 20.axb3 Qc6 21.Kh1 Rg7 22.Bd4 Rg4
23.Qf3 d6 24.Qxc6 bxc6 25.cxd6 Bxd6 26.Be3 Be7 27.Rxc6 Bb7 28.Rc7 Bb4 29.Nd7 Bd6
30.Nf6+ Kf8 31.Nxh7+ Ke8 32.Nf6+ Kf8 33.Rxd6  1-0

[Event "III Open"]
[Site "Dos Hermanas ESP"]
[Date "2002.04.08"]
[Round "4"]
[White "Cheparinov,I"]
[Black "Kovacevic,Sl"]
[Result "1/2-1/2"]
[WhiteElo "2450"]
[BlackElo "2393"]

1.e4 c5 2.Nf3 e6 3.d4 cxd4 4.Nxd4 a6 5.Bd3 Nf6 6.O-O d6 7.c4 Bd7 8.Nc3 Nc6
9.Nxc6 Bxc6 10.b4 b6 11.Bb2 g6 12.Qe2 Bg7 13.Rad1 Qe7 14.b5 axb5 15.cxb5 Bb7
16.Qe3 Qd8 17.Be2 O-O 18.Bf3 Re8 19.e5 Nd5 20.Nxd5 exd5 21.Bxd5 Bxd5 22.Rxd5 Bxe5
23.Qb3 Qf6 24.Bc1 Bd4 25.Qd1 Bc5 26.Rd2 Re4 27.Bb2 Qe6 28.a3 Ra5  1/2-1/2

[Event "IDJM"]
[Site "Augsburg GER"]
[Date "2002.04.10"]
[Round "11"]
[White "Langheinrich,F"]
[Black "Braun,A"]
[Result "1/2-1/2"]
[WhiteElo "2405"]
[BlackElo "2286"]

1.e4 c5 2.Nf3 e6 3.d4 cxd4 4.Nxd4 a6 5.Bd3 g6 6.c4 Bg7 7.Nc2 Nf6 8.Nc3 O-O
9.Bg5 Nc6 10.Qd2 Qc7 11.Rc1 Ne5 12.Ne3 Qc5 13.f4 Nxd3+ 14.Qxd3 Nh5 15.e5 h6
16.g4 hxg5 17.gxh5 gxh5 18.Ne4 Qa5+ 19.Ke2 gxf4 20.Nd5 exd5 21.Nf6+ Bxf6
22.Rhg1+ Bg7 23.Rxg7+ Kxg7 24.Rg1+ Kh6 25.Qf5 f3+ 26.Kxf3 Qd8 27.Qf4+ Kh7
28.Qf5+  1/2-1/2

[Event "FSGMB April"]
[Site "Budapest HUN"]
[Date "2002.04.10"]
[Round "9"]
[White "Gara,A"]
[Black "Kustar,S"]
[Result "0-1"]
[WhiteElo "2339"]
[BlackElo "2388"]

1.e4 c5 2.Nf3 e6 3.d4 cxd4 4.Nxd4 a6 5.Bd3 Nf6 6.O-O Qc7 7.Qe2 d6 8.c4 Nbd7
9.b3 g6 10.Bb2 Bg7 11.Kh1 O-O 12.Nd2 b6 13.Rac1 Bb7 14.Bb1 Rfe8 15.b4 Rac8
16.N2b3 Qb8 17.a4 d5 18.c5 bxc5 19.bxc5 e5 20.c6 exd4 21.cxb7 Rxc1 22.Rxc1 Qxb7
23.Nxd4 Nxe4 24.Qc2 Ndc5 25.Rd1 Qb4 26.f3 Nd3 27.fxe4 Nxb2 28.Nc6 Qxe4 29.Qd2 Qe6
30.Rc1 Bh6  0-1

[Event "Golden Cleopatra"]
[Site "Cairo EGY"]
[Date "2002.04.10"]
[Round "4"]
[White "Abdel Aziem,R"]
[Black "Hussein,Am"]
[Result "1-0"]
[WhiteElo "2293"]
[BlackElo "2163"]

1.e4 c5 2.Nf3 e6 3.d4 cxd4 4.Nxd4 a6 5.Bd3 Qc7 6.O-O Nf6 7.Qe2 h5 8.e5 Ng4
9.Nf3 Nc6 10.Bf4 f5 11.h3 b5 12.a4 b4 13.Nbd2 Be7 14.Nc4 Qd8 15.Qd2 Nh6 16.Be3 Kf8
17.Nd6 Nf7 18.Nxf7 Kxf7 19.Ng5+ Bxg5 20.Bxg5 Qa5 21.f4 Qc5+ 22.Rf2 Ra7 23.Rd1 Rc7
24.Qe2 Nb8 25.Qf3 Bb7 26.Qg3 Nc6 27.Kh1 Ne7 28.Bxe7 Qxe7 29.Rfd2 h4 30.Qf2 g5
31.fxg5 Qxg5 32.Bxf5 Ke7 33.Bg4 Qxe5 34.Re2 Qc5 35.Qf4 Rg8 36.Qh6 Kd8 37.Qxe6  1-0

[Event "FSGMA April"]
[Site "Budapest HUN"]
[Date "2002.04.11"]
[Round "10"]
[White "Rajlich,V"]
[Black "Fogarasi,T"]
[Result "0-1"]
[WhiteElo "2384"]
[BlackElo "2445"]

1.e4 c5 2.Nf3 e6 3.d4 cxd4 4.Nxd4 a6 5.Bd3 g6 6.c4 Bg7 7.Nb3 d6 8.O-O Nf6
9.Nc3 O-O 10.Bf4 Nc6 11.Be2 Ne5 12.c5 Ne8 13.Qd2 b6 14.Be3 bxc5 15.Bxc5 Qc7
16.Ba3 Nc4 17.Bxc4 Qxc4 18.Rfe1 a5 19.Rac1 Bb7 20.Nd5 Qa6 21.Nc7 Nxc7 22.Rxc7 a4
23.Nd4 Qb6 24.Rc4 Rfc8 25.Rb4 Qa5 26.Nb5 Rd8 27.Nxd6 Be5 28.Nxb7 Rxd2 29.Nxa5 Rxa5
30.Kf1 Bd6 31.Rc1 Ra7 32.Rc8+ Kg7 33.Rbc4 Bxa3 34.bxa3 Rxa2 35.Rc3 Rb7 36.g4 Rb3
37.Rxb3 axb3 38.Rb8 Rxa3 39.g5 Ra1+ 40.Kg2 Rb1 41.e5 Re1 42.Rxb3 Rxe5 43.f4 Rf5
44.Kg3 e5 45.fxe5 Rxg5+ 46.Kf4 Rf5+ 47.Ke4 Rf2 48.h3 Kh6 49.Rg3 Kh5 50.Rg4 g5
51.Rg3 h6 52.Ra3 Kh4 53.Ra6 h5 54.Rh6 Kxh3 55.Rxh5+ Kg4 56.Rh7 Kg3 57.Kd5 g4
58.Kd6 Kg2 59.Ke7 Rf5 60.Rg7 g3 61.Rxf7 Rxe5+ 62.Kf6 Ra5 63.Ke6 Kg1 64.Rg7 g2
65.Rg8 Rh5  0-1

[Event "FSGMB April"]
[Site "Budapest HUN"]
[Date "2002.04.12"]
[Round "11"]
[White "Gara,A"]
[Black "Farago,I"]
[Result "1/2-1/2"]
[WhiteElo "2339"]
[BlackElo "2506"]

1.e4 c5 2.Nf3 e6 3.d4 cxd4 4.Nxd4 a6 5.Bd3 g6 6.c4 Bg7 7.Nf3 d6 8.O-O Qc7
9.Nc3 Nd7 10.Bf4 Ne7 11.Rc1 O-O 12.Qd2 Ne5 13.Be2 N7c6 14.Rfd1 Rd8 15.b3 f6
16.Nd5 exd5 17.cxd5 Bd7 18.dxc6 Bxc6 19.Nd4 Qe7 20.Nxc6 bxc6 21.Bxe5 dxe5
22.Qa5 Rdc8 23.Qa4 c5 24.Bxa6 Rd8 25.Rxd8+ Qxd8 26.Qc6 Bf8 27.a4 Kg7 28.g3 Ra7
29.Bc4 Qd6 30.Qb5 Qc7 31.Rd1 h5 32.Be6 Rb7 33.Qc4 Rb4 34.Qc3 Rd4 35.Re1 Qb6
36.Bd5 c4 37.bxc4 Bb4 38.Qb3 Rd2 39.Rf1 Bc5 40.Qxb6 Bxb6 41.h4 g5 42.a5 Bc5
43.a6 Ra2 44.Bb7 Kh6 45.Bc8 g4 46.Kg2 Rc2 47.Be6 Ra2 48.Bc8 Rc2 49.Be6  1/2-1/2

[Event "TCh-ISR"]
[Site "ISR"]
[Date "2002.04.12"]
[Round "8"]
[White "Shevelev,A"]
[Black "Botvinnik,Il"]
[Result "1/2-1/2"]
[WhiteElo "2348"]
[BlackElo "2443"]

1.e4 c5 2.Nf3 e6 3.d4 cxd4 4.Nxd4 a6 5.Bd3 Bc5 6.c3 Nc6 7.Nxc6 dxc6 8.O-O e5
9.b4 Ba7 10.Na3 Ne7 11.Nc4 Ng6 12.Bc2 O-O 13.Qxd8 Rxd8 14.Bg5 f6 15.Be3 Bxe3
16.fxe3 Be6 17.Bb3  1/2-1/2

[Event "XX Open"]
[Site "Metz FRA"]
[Date "2002.04.15"]
[Round "3"]
[White "Nanu,C"]
[Black "Eingorn,V"]
[Result "1/2-1/2"]
[WhiteElo "2412"]
[BlackElo "2598"]

1.e4 c5 2.Nf3 e6 3.d4 cxd4 4.Nxd4 a6 5.Bd3 Nf6 6.O-O d6 7.Kh1 e5 8.Nb3 Be7
9.f4 exf4 10.Bxf4 Nc6 11.N1d2 O-O 12.Nf3 Ng4 13.Bc4 Qc7 14.Qe2 Bf6 15.Rad1 Nge5
16.Bd5 Bg4 17.h3 Bxf3 18.gxf3 Ne7 19.c3 Rfe8 20.Nc1 Nxd5 21.Rxd5 Re6 22.Nb3 g6
23.Nd4 Ree8 24.Nc2 Nc4 25.Ne3 Nxe3 26.Qxe3 Qc4 27.Rfd1 Qxa2 28.Rxd6 Be5 29.Bxe5 Rxe5
30.Rd8+ Rxd8 31.Rxd8+ Kg7 32.Qd4 Qe6 33.Kh2 Qf6 34.Kg3 Re6 35.Qxf6+ Kxf6
36.Rd7 Re7 37.Rd6+ Re6 38.Rd7 Re7 39.Rd6+  1/2-1/2

[Event "TCh-ISR"]
[Site "ISR"]
[Date "2002.04.19"]
[Round "9"]
[White "Yiftach,D"]
[Black "Boim,I"]
[Result "0-1"]
[WhiteElo "2078"]
[BlackElo "2399"]

1.e4 c5 2.Nf3 e6 3.d4 cxd4 4.Nxd4 a6 5.Bd3 Nc6 6.Nxc6 dxc6 7.O-O e5 8.Be3 Nf6
9.h3 Bd6 10.Nd2 O-O 11.Re1 Nd7 12.c3 Nc5 13.Bc2 b5 14.Nf1 Ne6 15.Qf3 Qe7
16.Ng3 Bc5 17.Nf5 Qc7 18.Qg3 Bxe3 19.Rxe3 g6 20.Rd1 Kh8 21.Nd6 Nf4 22.Nxc8 Raxc8
23.Qh4 Kg7 24.g3 Ne6 25.Red3 Rcd8 26.Rxd8 Rxd8 27.Rxd8 Qxd8 28.Qxd8 Nxd8
29.Kf1 Ne6 30.Ke2 Kf6 31.Ke3 a5 32.a4 Nc5 33.axb5 cxb5 34.h4 Ke7 35.f4 f6
36.g4 h6 37.f5 g5 38.hxg5 hxg5 39.b4 axb4 40.cxb4 Na6 41.Bd3 Nxb4 42.Bxb5 Kd6
43.Ba4 Kc5 44.Bb3 Nc6 45.Ba4 Nd4 46.Kd3 Kb4 47.Be8 Nb3 48.Bf7 Nc5+ 49.Ke3 Kc3
50.Be8 Nb3 51.Bc6 Nd2 52.Bd5 Nc4+ 53.Ke2 Kd4 54.Bc6 Ne3 55.Kf3 Nf1 56.Bb7 Nd2+
57.Ke2 Nxe4 58.Bc6 Nc3+ 59.Kd2 e4 60.Bb7 e3+ 61.Ke1 Ke5  0-1